000 00320nam a2200133 i 4500
001 bg
100 1 _aRODEK, Mirosław
245 0 _aMaszyny i urządzenia metalurgiczne /
_cMirosław Rodek.
260 _aWarszawa,
_c1981.
040 _cBPK
041 _apol
942 _cKS
008 s pl f |000 0 pol
999 _c20785
_d20785
856 _uhttp://koha.tu.koszalin.pl/cgi-bin/koha/opac-detail.pl?biblionumber=20785
_yKatalog online BPK